Statistics for U.S. States with No Cities in the Top 100

Click here to take the quiz!

General Stats

  • This quiz has been taken 99 times
  • The average score is 6 of 7

Answer Stats

MSA rankMSA pop.Largest MSAState% Correct
357100,863CheyenneWyoming
91%
192252,136FargoNorth Dakota
87%
176281,958Sioux FallsSouth Dakota
83%
204226,611BurlingtonVermont
82%
103556,893PortlandMaine
79%
232187,037BillingsMontana
76%
137398,807AnchorageAlaska
75%

Score Distribution

Percentile by Number Answered

Percent of People with Each Score

Your Score History

You have not taken this quiz